Statistiche per Indovina La Regione Da Una Città

Clicka qui per fare il quiz!

Statistiche generali

  • Questo quiz è stato fatto 136 volte
  • Il punteggio medio è 14 su 20

Statistiche sulle risposte

CittàRegione% Corretto
LeccoLombardia
94%
EnnaSicilia
90%
MonopoliPuglia
87%
BellunoVeneto
82%
SpoletoUmbria
79%
CourmayeurValle D’Aosta
79%
IglesiasSardegna
77%
CecinaToscana
76%
Vibo ValentiaCalabria
75%
FaenzaEmilia Romagna
71%
TermoliMolise
71%
TeramoAbruzzo
70%
GoriziaFriuli Venezia-Giulia
70%
JesiMarche
67%
CasoriaCampania
64%
SarzanaLiguria
64%
TortonaPiemonte
59%
MeranoTrentino Alto-Adige
58%
MonterotondoLazio
57%
MelfiBasilicata
55%

Distribuzione punteggi

Percentile per numero di risposta

Percentuale di utenti per punteggio

I tuoi punteggi nel tempo

Non hai fatto questo quiz